000 00797cpmaa2200241 4500
001 mm 79001171
003 DLC
005 20260227111634.0
008 790423|||||||||||| eng
010 _amm 79001171
040 _aDLC
_cDLC
_edacs
_dDLC
072 7 _aL
_2lcmd
100 1 _aDeems, Charles F.
_q(Charles Force),
_d1820-1893.
245 0 0 _aCharles F. Deems correspondence,
_f1877.
300 _a1
_fitem.
506 0 _aOpen to research.
545 0 _aClergyman and educator.
546 _aCollection material in English.
580 _aForms part of: Miscellaneous Manuscripts collection.
656 7 _aClergy.
_2itoamc
656 7 _aEducators.
_2itoamc
999 _c40633
_d40633